Workers Participation in Management (Record no. 1448198)

MARC details
000 -LEADER
fixed length control field 00595nam a2200205Ia 4500
005 - DATE AND TIME OF LATEST TRANSACTION
control field 20250923145201.0
008 - FIXED-LENGTH DATA ELEMENTS--GENERAL INFORMATION
fixed length control field 008 250917s9999 xx 000 0 eng d
037 ## - SOURCE OF ACQUISITION
Stock number Textual
040 ## - CATALOGING SOURCE
Original cataloging agency DSWL
Language of cataloging eng
Transcribing agency DSWL
041 ## - LANGUAGE CODE
Language code of text/sound track or separate title eng
Source of code eng
084 ## - COLON CLASSIFICATION NUMBER
Classification number X:97.2, N69
Assigning agency DSWL
100 ## - MAIN ENTRY--PERSONAL NAME
Personal name Tanic, Zivan
9 (RLIN) 832633
245 #0 - TITLE STATEMENT
Title Workers Participation in Management
Statement of responsibility, etc. by Zivan Tanic
260 ## - PUBLICATION, DISTRIBUTION, ETC.
Place of publication, distribution, etc. New Delhi
Name of publisher, distributor, etc. S.R.C. for Industrial Relations
Date of publication, distribution, etc. 1969
300 ## - PHYSICAL DESCRIPTION
Extent x,162p.
365 ## - TRADE PRICE
Price type code INR
Price amount 20.00
925 ## -
-- 20.00
942 ## - ADDED ENTRY ELEMENTS (KOHA)
Koha item type Textual
Classification part X:97.2, N69
Holdings
Withdrawn status Lost status Damaged status Not for loan Home library Current library Date acquired Inventory number Total Checkouts Full call number Barcode Date last seen Price effective from Koha item type
        Department of Social Work Library Department of Social Work Library 2025-09-23 N/5348/69 16/03/1970   X:97.2, N69 SW0014003 2025-09-23 2025-09-23 Textual
Copyright @ Delhi University Library System